Urban areas in Norway with more than 20,000 inhabitants / Tettsteder i Norge med mer enn 20,000 innbyggere - Statistics

General Stats
  • This quiz has been taken 1,261 times
  • The average score is 15 of 21
Answer Stats
Innbyggere Tettsted % Correct
925,242 Oslo
100%
238,098 Bergen
98%
167,598 Trondheim
96%
201,353 Stavanger
92%
57,015 Tromsø
90%
70,204 Kristiansand
84%
38,326 Bodø
76%
101,995 Drammen
75%
105,545 Fredrikstad
73%
48,460 Ålesund
71%
20,857 Lillehammer
70%
20,132 Molde
65%
88,860 Grenland
62%
30,921 Hamar
62%
49,093 Tønsberg
56%
44,524 Haugesund
52%
43,553 Moss
48%
33,778 Arendal
47%
42,212 Sandefjord
47%
23,897 Halden
43%
24,422 Larvik
42%
No matching quizzes found
Score Distribution
Percent of People with Each Score
Percentile by Number Answered
Your Score History
You have not taken this quiz